[Event "Marburg op-A"]
[Site "Marburg"]
[Date "2023.10.27"]
[Round "3"]
[White "Gross, Heinrich2"]
[Black "Bruns, Patrick"]
[Result "0-1"]
[WhiteElo "1915"]
[BlackElo "1753"]
[PlyCount "64"]
[EventDate "2023.10.26"]
[EventType "swiss"]
[EventRounds "7"]
[EventCountry "GER"]
[SourceTitle "CB49_2023"]
[SourceDate "2023.12.06"]
[SourceVersion "1"]
[SourceVersionDate "2023.12.06"]
[SourceQuality "1"]

1. d4 d5 2. Bf4 Nf6 3. e3 e6 4. Nd2 Bd6 5. Bg3 b6 6. Bd3 Bb7 7. c3 0-0 8. Ngf3 c5 9. 0-0 Bxg3 10. hxg3 c4 11. Bc2 b5 12. Re1 a5 13. e4 dxe4 14. Bxe4 Bxe4 15. Nxe4 Nxe4 16. Rxe4 Nd7 17. Qe2 Nf6 18. Rh4 Qd5 19. Ne5 a4 20. a3 Rad8 21. Re1 Rd6 22. g4 Nd7 23. Qc2 g6 24. Qd2 Re8 25. Qh6 Nf8 26. Re3 Qb7 27. Rf3 f5 28. Rfh3 Qg7 29. Qf4 g5 30. Ng6 gxf4 31. Nxf8 Rxf8 32. Rh5 Rf6 0-1

[Event "Rheinland Pfalz Seniors op"]
[Site "Altenkirchen"]
[Date "2023.09.12"]
[Round "8"]
[White "Bruns, Patrick"]
[Black "Bausch, Jean"]
[Result "1/2-1/2"]
[WhiteElo "1742"]
[BlackElo "1630"]
[PlyCount "193"]
[EventDate "2023.09.05"]
[EventType "swiss"]
[EventRounds "9"]
[EventCountry "GER"]
[SourceTitle "EXT 2024"]
[Source "ChessBase"]
[SourceDate "2023.10.10"]
[SourceVersion "1"]
[SourceVersionDate "2023.10.10"]
[SourceQuality "1"]

1. e4 c5 2. Nf3 d6 3. Bb5+ Nc6 4. 0-0 a6 5. Bxc6+ bxc6 6. c4 e6 7. Re1 Ne7 8. Nc3 g6 9. d4 cxd4 10. Nxd4 Bg7 11. Bg5 f6 12. Be3 0-0 13. Qd2 Qc7 14. Bh6 Rd8 15. Bxg7 Kxg7 16. Re3 e5 17. Nc2 Be6 18. b3 d5 19. cxd5 cxd5 20. exd5 Nxd5 21. Nxd5 Rxd5 22. Qe2 Bf5 23. Na3 Rad8 24. Nc4 Bd3 25. Qe1 Bxc4 26. Rc3 Rd4 27. Rac1 Qd6 28. Rxc4 Rd1 29. Rxd1 Qxd1 30. Rc1 Qxe1+ 31. Rxe1 Rd2 32. Ra1 Rb2 33. h4 e4 34. Rc1 Rxa2 35. Rc7+ Kh6 36. g4 Ra5 37. Re7 Rb5 38. Rxe4 Rxb3 39. Re6 a5 40. Rxf6 Rb7 41. Ra6 Rb4 42. f3 a4 43. Kg2 Kg7 44. Ra7+ Kg8 45. Kg3 h6 46. Kf2 Rb2+ 47. Kg3 Rb4 48. Ra5 Kg7 49. h5 g5 50. Ra6 Rf4 51. Rg6+ Kh7 52. Ra6 Rb4 53. Ra7+ Kh8 54. Kf2 Kg8 55. Ke2 Rc4 56. Ra5 Kg7 57. Rf5 Rb4 58. Rc5 Rf4 59. Kd2 Rb4 60. Rf5 a3 61. Ra5 Rb3 62. Ke2 Rb2+ 63. Ke3 a2 64. Ke4 Re2+ 65. Kf5 Rf2 66. Ra7+ Kf8 67. Kg6 Rxf3 68. Rxa2 Rf4 69. Rg2 Ke7 70. Kxh6 Kf6 71. Ra2 Rxg4 72. Ra6+ Kf7 73. Kh7 Rh4 74. Kh6 g4 75. Kg5 Rh1 76. Ra7+ Kf8 77. Kxg4 Rg1+ 78. Kf5 Kg8 79. Kf6 Kh8 80. Rb7 Rg2 81. Kf5 Rg1 82. Rb6 Kh7 83. Rg6 Rxg6 84. hxg6+ Kg7 85. Kg5 Kg8 86. Kf4 Kg7 87. Kf5 Kg8 88. Kf6 Kf8 89. Ke5 Kg7 90. Kf5 Kg8 91. Kf6 Kf8 92. Kg5 Kg8 93. Kh4 Kg7 94. Kh5 Kg8 95. Kh6 Kh8 96. g7+ Kg8 97. Kg6 1/2-1/2

[Event "Rottach Egern Seniors Cup 11th"]
[Site "Rottach Egern"]
[Date "2023.04.18"]
[Round "4"]
[White "Koehler, Gerhard"]
[Black "Bruns, Patrick"]
[Result "1-0"]
[WhiteElo "2250"]
[BlackElo "1736"]
[PlyCount "51"]
[EventDate "2023.04.15"]
[EventType "swiss"]
[EventRounds "9"]
[EventCountry "GER"]
[SourceTitle "EXT 2024"]
[Source "ChessBase"]
[SourceDate "2023.10.10"]
[SourceVersion "1"]
[SourceVersionDate "2023.10.10"]
[SourceQuality "1"]

1. c4 e6 2. Nf3 d5 3. e3 Nf6 4. b3 b6 5. Bb2 Bb7 6. Be2 Nbd7 7. 0-0 c5 8. cxd5 exd5 9. d4 Bd6 10. Nc3 Rc8 11. Nh4 0-0 12. Nf5 Bb8 13. Bf3 Re8 14. dxc5 Nxc5 15. Nb5 Ne6 16. Rc1 Ne4 17. Rxc8 Bxc8 18. Nbd4 Qc7 19. g3 Ba6 20. Nxe6 fxe6 21. Nxg7 Re7 22. Nh5 Bxf1 23. Kxf1 Rf7 24. Bxe4 dxe4 25. Qg4+ Kf8 26. Ba3+ 1-0

[Event "Bodensee op Seniors 6th"]
[Site "Bregenz"]
[Date "2022.05.26"]
[Round "5"]
[White "Bruns, Patrick"]
[Black "Paashaus, Detlef"]
[Result "0-1"]
[WhiteElo "1751"]
[BlackElo "1965"]
[PlyCount "40"]
[EventDate "2022.05.22"]
[EventType "swiss"]
[EventRounds "7"]
[EventCountry "AUT"]
[SourceTitle "CBM 208 Extra"]
[Source "ChessBase"]
[SourceDate "2022.07.31"]
[SourceVersion "1"]
[SourceVersionDate "2022.07.31"]
[SourceQuality "1"]

1. e4 c6 2. d4 d5 3. Nd2 dxe4 4. Nxe4 Nf6 5. Nxf6+ gxf6 6. Bf4 Bf5 7. Qd2 e6 8. 0-0-0 Bd6 9. Be3 Qc7 10. g3 Nd7 11. Bg2 Nb6 12. Qe2 Nd5 13. Bd2 0-0-0 14. h4 Rhg8 15. Bh3 Bxh3 16. Rxh3 c5 17. dxc5 Bxc5 18. c4 Nb4 19. a3 Nd3+ 20. Kb1 Nxf2 0-1

[Event "Baden-ch op U2000"]
[Site "Birkenfeld"]
[Date "2013.06.02"]
[Round "7"]
[White "Syed, Tareq"]
[Black "Bruns, Patrick"]
[Result "1-0"]
[WhiteElo "2028"]
[BlackElo "1922"]
[PlyCount "49"]
[EventDate "2013.05.30"]
[EventType "swiss"]
[EventRounds "7"]
[EventCountry "GER"]
[SourceTitle "EXT 2014"]
[Source "ChessBase"]
[SourceDate "2013.11.20"]
[SourceVersion "1"]
[SourceVersionDate "2013.11.20"]
[SourceQuality "1"]

1. d3 d5 2. g3 e5 3. Bg2 Nf6 4. c3 c6 5. Nd2 Be7 6. Nh3 Bg4 7. f3 Be6 8. Nf2 a5 9. e4 Nbd7 10. f4 exf4 11. gxf4 dxe4 12. dxe4 Nc5 13. 0-0 Nd3 14. Nxd3 Qxd3 15. f5 Bd7 16. Nb3 Qxd1 17. Rxd1 a4 18. Nd4 Bc5 19. Bf3 0-0-0 20. b4 Bb6 21. Kh1 c5 22. bxc5 Bxc5 23. e5 Ng8 24. Rb1 Bxf5 25. Nxf5 1-0

[Event "Baden-ch op U2000"]
[Site "Haslach im Kinzigtal"]
[Date "2010.06.06"]
[Round "7"]
[White "Bruns, Patrick"]
[Black "Wuerfel, Christian"]
[Result "1-0"]
[WhiteElo "1765"]
[BlackElo "1839"]
[PlyCount "79"]
[EventDate "2010.05.31"]
[EventType "swiss"]
[EventRounds "7"]
[EventCountry "GER"]
[SourceTitle "EXT 2011"]
[Source "ChessBase"]
[SourceDate "2010.11.26"]
[SourceVersion "1"]
[SourceVersionDate "2010.11.26"]
[SourceQuality "1"]

1. e4 d6 2. d4 Nf6 3. Bd3 Nbd7 4. f4 c5 5. e5 dxe5 6. dxe5 Nd5 7. e6 g6 8. exd7+ Bxd7 9. Bd2 Bg7 10. Nc3 Nb4 11. Be4 Qc7 12. a3 Na6 13. Qf3 Rb8 14. Nd5 Qd6 15. Bc3 0-0 16. Rd1 Qe6 17. Bxg7 Kxg7 18. Qc3+ f6 19. Qe3 Bc6 20. Kf2 Rbd8 21. c4 Rd7 22. Ne2 Rfd8 23. Nec3 Qf7 24. f5 e6 25. fxe6 Qxe6 26. Bf3 Qf7 27. Rhe1 b6 28. Qe6 Bxd5 29. Rxd5 Nc7 30. Qxf7+ Kxf7 31. Rxd7+ Rxd7 32. Bd5+ Kf8 33. a4 a6 34. b3 b5 35. Ne4 Nxd5 36. Nxc5 Nb6 37. Nxd7+ Nxd7 38. axb5 axb5 39. cxb5 Ne5 40. Rxe5 1-0

[Event "Leipzig VfB op 08th"]
[Site "Leipzig"]
[Date "2001.02.25"]
[Round "9"]
[White "Bruns, Patrick"]
[Black "Langer, Wolfgang"]
[Result "1/2-1/2"]
[WhiteElo "1723"]
[BlackElo "2091"]
[PlyCount "46"]
[EventDate "2001.02.20"]
[EventType "swiss"]
[EventRounds "9"]
[EventCountry "GER"]
[SourceTitle "EXT 2008"]
[Source "ChessBase"]
[SourceDate "2007.11.25"]
[SourceVersion "1"]
[SourceVersionDate "2007.11.25"]
[SourceQuality "1"]

1. e4 e6 2. d4 d5 3. Nc3 Bb4 4. e5 c5 5. a3 Bxc3+ 6. bxc3 Ne7 7. f4 Nbc6 8. Nf3 Qc7 9. Bd2 Bd7 10. Bd3 Na5 11. 0-0 cxd4 12. cxd4 Nc4 13. Qe1 g6 14. Bb4 Ba4 15. Bxc4 dxc4 16. Bxe7 Qxe7 17. c3 Bc6 18. a4 Qd7 19. a5 h5 20. h4 0-0 21. Qe2 b5 22. Rfb1 Rab8 23. Rb4 Bxf3 1/2-1/2